| 000 | 01982nam0a2200373 4500 | ||
|---|---|---|---|
| 001 | RU\NLR\bibl\1768328 | ||
| 005 | 20260407080819.0 | ||
| 010 |
_a978-5-88431-195-4 _9300 |
||
| 021 |
_aRU _b2011-28673 _92038 |
||
| 035 | _a(NLR Aleph) 001759117 | ||
| 090 |
_a1567124 _c1567124 |
||
| 100 | _a20110219d2010 |||y0rusy50 ca | ||
| 101 | 0 | _arus | |
| 102 | _aRU | ||
| 105 | _aac ||||||||| | ||
| 200 | 1 |
_aСибирский сборник - 2 _eк юбилею Евгении Алексеевны Алексеенко _fРос. акад. наук, Музей антропологии и этнографии им. Петра Великого (Кунсткамера) _g[отв. ред.: Е. Г. Федорова] |
|
| 210 |
_aСанкт-Петербург _cМАЭ РАН _d2010 |
||
| 215 |
_a320, [2] с., [1] л. портр. _cил. _d21 |
||
| 320 | _aСписок осн. печат. работ к. ист. н. Е. А. Алексеенко: с. 53-65 | ||
| 320 | _aБиблиогр. в конце ст. | ||
| 600 | 1 |
_aАлексеенко _bЕ. А. _f1930 _gЕвгения Алексеевна _92090299 _3RU\NLR\auth\661568837 |
|
| 606 | 1 |
_aНароды Сибири _jСборники _xЭтнографические исследования _91702330 _3RU\NLR\auth\66757933 |
|
| 686 | _aТ1(2)7-8я43 | ||
| 686 | _aТ5г(2)7д.я43 | ||
| 686 | _aТ52(251)я43 | ||
| 702 | 1 |
_4340 _8rus _7ca _aФедорова _bЕ. Г. _cканд. ист. наук _gЕлена Геннадьевна _3RU\NLR\AUTH\7747112 _930047 |
|
| 702 | 1 |
_4570 _7ca _8rus _aАлексеенко _bЕ. А. _cэтнограф _f1930-2017 _gЕвгения Алексеевна _9187638 _3RU\NLR\AUTH\770187689 |
|
| 712 | 0 | 2 |
_4570 _aМузей антропологии и этнографии им. Петра Великого _cСанкт-Петербург _3RU\NLR\AUTH\886338 _9284480 |
| 801 | 0 |
_aRU _bNLR _c20110219 _gRCR |
|
| 801 | 1 |
_aRU _bNLR _c20110219 |
|
| 942 | _cBOOK | ||
| 980 | _aNB | ||